| 000 | 00506nam a22002057a 4500 | ||
|---|---|---|---|
| 001 | 21542 | ||
| 005 | 20260312085511.0 | ||
| 008 | 260312b |||||||| |||| 00| 0 spa d | ||
| 041 | _aESP | ||
| 082 |
_a720.1 _bR85 |
||
| 100 | _aRoth, Leland M | ||
| 245 | _aEntender la arquitectura, sus elementos, historia y significado | ||
| 260 |
_a : _b , _c2016 |
||
| 300 |
_axxxiii, 599 páginas : _b ; _c24 cm. |
||
| 440 | _a ; | ||
| 650 | _aGEN | ||
| 654 | _aCAU | ||
| 700 | _a; | ||
| 942 |
_cLIB _dJUS _fJUS _2ddc |
||
| 999 |
_c21542 _d21542 |
||